• 首页
  • 本馆介绍
  • 公告通知
  • 最新文献
  • 馆藏检索
  • 电子资源
  • 读者导购
  • 参考咨询
  • 我的图书馆
  • 登录
  • 详细信息显示
  • 放入我的书架
  • 预约/预借图书
  • 作者相关作品
  • 分类相关作品
  • 丛书相关作品
  • 出版社相关作品

书目信息

  • 表格格式
  • 工作单格式
  • 卡片格式
题名:
辛几何引论
    
 
作者: 柯歇尔 , 邹异明 著
分册:  
出版信息: 北京   科学出版社  1986.03
页数: 143页
开本: 21cm
丛书名: 现代数学基础丛书
单 册:
中图分类: O181
科图分类:
主题词: 几何基础
电子资源:
ISBN: 7-03-006167-5
000 00631nam2 2200229 45
001 0009271546
005 20050314155541.2
010    @a7-03-006167-5@dCNY9.00
100    @a20000927d1986 km y0chiy0120 ea
101 0  @achi
105    @a z 000yy
200 1  @a辛几何引论@AXin Ji He Yin Lun@fJ.柯歇尔,邹异明著@FJ.Ke Xie Er,Zou Yi Ming Zhu
210    @a北京@c科学出版社@d1986.03
215    @a143页@d21cm
225    @a现代数学基础丛书
410    @12001 @a现代数学基础丛书
606 0  @a几何基础
690    @aO181@v1
701  0 @a柯歇尔@4著
701  0 @a邹异明@4著
801    @aCN@bTSTC@c20000927
905    @dO181@e12@f1@b291156
    
    辛几何引论/J.柯歇尔,邹异明著.-北京:科学出版社,1986.03
    143页;21cm.-(现代数学基础丛书)
    
    
    ISBN 7-03-006167-5:CNY9.00
    
●
相关链接 在E读中查询图书 在五车中查询图书 在当当中查询图书 在豆瓣中查询图书


正题名:辛几何引论     索取号:O181/12         预约/预借

序号 登录号 条形码 馆藏地/架位号 状态 备注
1 0291155   000399072   密集书库/ [索取号:O181/12] 在馆    
2 0291156   002911567   密集书库/ [索取号:O181/12] 在馆    
唐山师范学院图书馆 欢迎您!
大连网信软件有限公司© 版权所有